000 00662nam a2200253Ia 4500
003 OSt
005 20221006143726.0
006 a|||||r|||| 00| 0
007 ta
008 221006b |||||||| |||| 00| 0 eng d
020 _c85.00
024 _a9,785
037 _cTextual
040 _aEASL
_cEASL
_beng
041 _2eng
_aeng
082 _aX44:16a, M3
100 _aBETEILLE Andre Ed.
245 0 _aEquality and inequality
_b Theory and practice
260 _aDelhi
_bOxford University Press
_c1983
300 _a302p.
_ccm.
490 _v Oth
942 _hX44:16a, M3
_cTEXL
_2CC
999 _c1077871
_d1077871